| 000 | 00396nam a2200157Ia 4500 | ||
|---|---|---|---|
| 008 | 210716s1983 xx 000 0 und d | ||
| 020 | _a906812461 | ||
| 041 | _aeng | ||
| 082 | _a004 DEEE | ||
| 100 | _aDeeson, Eric. | ||
| 245 | _aBBC micro in education. | ||
| 250 | _a1 | ||
| 260 |
_aEngland _bShiva Publishing Ltd _c1983 |
||
| 300 | _a170 | ||
| 650 | _aData processing, Computer science(004) | ||
| 999 |
_c180818 _d180818 |
||